000 01280 a2200229 4500
005 20260506172231.0
020 _a978-8176710633
040 _bEng
082 _a621.719 GHO
100 _a Ghosh, Amitabha.
_93957
245 _aManufacturing Science
250 _a2nd ed.
260 _aNew Delhi:
_bEast West Press Pvt Ltd:
_c2010.
300 _axvi, 496p.
520 _aManufacturing Science provides a comprehensive foundation in manufacturing processes and materials engineering. The book systematically explains the principles underlying metal casting, forming, machining, joining, and surface finishing. It integrates theoretical concepts with practical applications, focusing on process mechanics, material behavior, and production efficiency. The text also addresses modern manufacturing considerations such as automation, quality control, and process optimization. It is particularly useful for engineering students and professionals seeking to understand how raw materials are transformed into finished products through various industrial processes
650 _aManufacturing processes
_9686
650 _aProduction engineering
_93958
650 _aMetal forming
_93959
650 _aMachining processes etc
_93960
700 _aMallik, A K.
_93961
942 _cBK
999 _c5613
_d5608